000 00785naa a2200181 i 4500
001 9178
003 KOSZ 005
005 20180426142034.0
008 151123s2012 pl n f |000 0pol
040 _cBPK
_dKOSZ 005/EG
080 _a37
100 1 _aSKRZYPNIAK, Ryszard.
_d1996 - .
_bPolitechnika Koszalińska - Instytut Neofilologii i Europeistyki
245 1 0 _aIdea podmiotowości – teoria i praktyka edukacyjna /
_cRyszard Skrzypniak.
650 0 _aKształcenie.
650 0 _aPodmiotowość.
773 0 _iW :
_tPodmiotowość w edukacji wobec odmienności kulturowych oraz społecznych zróżnicowań. 2 / red. nauk. Natalia Majchrzak, Natasza Starik, Andrzej Zduniak. -
_dPoznań : Wydaw. Wyższej Szkoły Bezpieczeństwa, 2012. -
_gs. 27-47
942 _cROZ
_2UKD
999 _c9178
_d9178